| 000 | 00373nam a22001697a 4500 | ||
|---|---|---|---|
| 005 | 20160511104343.0 | ||
| 008 | 160511b xxu||||| |||| 00| 0 eng d | ||
| 020 | _a81-73711461 | ||
| 041 | _aeng | ||
| 082 | _b1231 | ||
| 100 |
_aKalam APJ _9422 |
||
| 245 | _aWings of fire | ||
| 260 |
_bUniversity Press _c1999 |
||
| 300 | _a180 | ||
| 650 |
_aManagement _9241 |
||
| 942 | _cBK | ||
| 999 |
_c505 _d505 |
||